000 01179nam a22002175i 4500
001 160520
003 ES-MaACL
005 20250824063236.0
008 010521s1847 sp |||| | spa d
040 _aCAM
_bspa
_cCAM
100 1 _aNavarrete, Ramón de,
_d1818-1897
_985042
245 1 0 _aPecado y expiación
_b: comedia original, en tres actos y en verso /
_cpor Ramón de Navarrete.
260 _aMadrid :
_b[Circulo Literario Comercial],
_c1847 (
_fImprenta de J. González y A. Vicente)
300 _a96 p. ;
_c17 cm.
490 1 _aLa España dramática : colección de obras representadas con aplauso en los teatros de la Corte
500 _aEn port.: Estrenada en el Teatro del Príncipe el 22 de noviembre de 1847.
596 _aEd. y serie tomados de la cub.
830 0 3 _aLa España dramática: colección de obras representadas con aplauso en los teatros de la corte
_9187776
852 _aES-MaACL
_jF-8621(9)
_z-- Enc. pasta española
_z-- Dedicatoria ms. del autor a Luis José Sartorius
_q-- Falto de la cub. original
_z-- Enc. en un vol. facticio formando parte de la col. facticia "Teatro español moderno", vol. 76
999 _c160520
_d160520